[Event "GRE-chT 50th"]
[Site "Nikaia"]
[Date "2023.08.26"]
[Round "2.2"]
[White "Giannoulakis, Labros"]
[Black "Chatzieleftheriou, Andreas"]
[Result "1/2-1/2"]
[WhiteElo "2334"]
[BlackElo "2351"]
[PlyCount "143"]
[EventDate "2023.08.25"]
[EventType "team"]
[EventRounds "9"]
[EventCountry "GRE"]
[SourceTitle "EXT 2024"]
[Source "ChessBase"]
[SourceDate "2023.10.10"]
[SourceVersion "1"]
[SourceVersionDate "2023.10.10"]
[SourceQuality "1"]
[WhiteTeam "Neapolis Sykeon"]
[BlackTeam "Phisiolatris"]
[WhiteTeamCountry "GRE"]
[BlackTeamCountry "GRE"]

1. Nf3 d5 2. g3 Nf6 3. Bg2 e6 4. 0-0 b5 5. d3 Be7 6. c4 c6 7. Nbd2 0-0 8. b3 Nbd7 9. Bb2 a5 10. e4 Qb6 11. Rc1 Bb7 12. e5 Ne8 13. cxd5 cxd5 14. Bd4 Qa6 15. Rc2 b4 16. Qe2 Rc8 17. Rxc8 Bxc8 18. Rc1 Nb8 19. Qe3 Nd7 20. Ne1 Bb7 21. f4 g6 22. g4 Ng7 23. Rc7 Rd8 24. Nf1 Bc6 25. Ng3 Rc8 26. Rxc8+ Qxc8 27. f5 Ne8 28. Qh6 Bb5 29. fxe6 fxe6 30. Ne2 Ng7 31. Qe3 Qc6 32. Qd2 Ba6 33. Nf3 Qb5 34. Ne1 Nc5 35. Bf1 a4 36. bxa4 Nxa4 37. Qc2 Nc5 38. Nc1 Ne8 39. Nb3 Nxb3 40. axb3 Bb7 41. Nf3 Qa5 42. h4 Nc7 43. Qf2 Nb5 44. Bb6 Qa8 45. Ng5 Bxg5 46. hxg5 d4 47. Bc5 Qe8 48. Bxb4 Qf7 49. Bg2 Qxf2+ 50. Kxf2 Bxg2 51. Kxg2 Kf7 52. Kf3 Ke8 53. Ke4 Kd7 54. Bc5 Kc6 55. Bxd4 Nc7 56. Bc3 Kb5 57. Kd4 Nd5 58. Bd2 Nc7 59. Ke4 Nd5 60. Be1 Nc7 61. Bc3 Nd5 62. Bd2 Nc7 63. Bc1 Kb4 64. Bd2+ Kb5 65. d4 Nd5 66. Kd3 Nc7 67. Bc1 Nd5 68. Ba3 Nf4+ 69. Ke4 Nd5 70. Bd6 Nb6 71. Kd3 Nd5 72. Ba3 1/2-1/2

[Event "Balkan-chT U18 final"]
[Site "Tefovo"]
[Date "2022.12.11"]
[Round "5.2"]
[White "Chatzieleftheriou, Andreas"]
[Black "Marn, Jan"]
[Result "0-1"]
[WhiteElo "2352"]
[BlackElo "2365"]
[PlyCount "136"]
[EventDate "2022.12.10"]
[EventType "team-tourn"]
[EventRounds "6"]
[EventCountry "MKD"]
[SourceTitle "EXT 2024"]
[Source "ChessBase"]
[SourceDate "2023.10.10"]
[SourceVersion "1"]
[SourceVersionDate "2023.10.10"]
[SourceQuality "1"]
[WhiteTeam "Greece"]
[BlackTeam "Slovenia"]
[WhiteTeamCountry "GRE"]
[BlackTeamCountry "SLO"]

1. c4 e6 2. Nf3 d5 3. e3 Nf6 4. b3 Bd6 5. Bb2 0-0 6. g4 Nxg4 7. Rg1 f5 8. h3 Nf6 9. cxd5 exd5 10. Nc3 c6 11. Qc2 Qe7 12. Bd3 Na6 13. Bxa6 bxa6 14. Nd4 Bd7 15. Nxf5 Bxf5 16. Qxf5 Rf7 17. Qd3 Ba3 18. 0-0-0 Ne4 19. Nxe4 dxe4 20. Qxa6 Bxb2+ 21. Kxb2 Rxf2 22. Rg4 Rd8 23. Qc4+ Kh8 24. Qxe4 Rfxd2+ 25. Rxd2 Rxd2+ 26. Kc3 Qd8 27. Qe5 Rd7 28. Re4 h6 29. Qe8+ Kh7 30. Qxd8 Rxd8 31. Re7 Rd5 32. Rxa7 Rh5 33. Rc7 Rxh3 34. Rxc6 Rxe3+ 35. Kd4 Rg3 36. b4 Rg4+ 37. Kc3 h5 38. b5 h4 39. Kb3 Rg1 40. Rc2 Rb1+ 41. Kc4 g5 42. a4 g4 43. Rh2 h3 44. a5 Rc1+ 45. Kd5 Ra1 46. a6 Kg6 47. Kc6 Kg5 48. Kb7 Kh4 49. a7 g3 50. Rh1 Ra2 51. a8Q Rxa8 52. Kxa8 g2 53. Rb1 h2 54. b6 h1Q 55. Rxh1+ gxh1Q+ 56. b7 Kg5 57. Ka7 Qa1+ 58. Kb6 Qd4+ 59. Ka6 Qe5 60. Ka7 Qa5+ 61. Kb8 Kf6 62. Kc8 Qc5+ 63. Kd7 Qb6 64. Kc8 Qc6+ 65. Kb8 Ke6 66. Ka7 Qc7 67. Ka8 Qa5+ 68. Kb8 Kd6 0-1

[Event "Balkan-chT U18 Gp A"]
[Site "Tefovo"]
[Date "2022.12.09"]
[Round "2.6"]
[White "Ramaj, Ergit"]
[Black "Chatzieleftheriou, Andreas"]
[Result "0-1"]
[WhiteElo "1996"]
[BlackElo "2352"]
[PlyCount "82"]
[EventDate "2022.12.09"]
[EventType "team-tourn"]
[EventRounds "3"]
[EventCountry "MKD"]
[SourceTitle "EXT 2024"]
[Source "ChessBase"]
[SourceDate "2023.10.10"]
[SourceVersion "1"]
[SourceVersionDate "2023.10.10"]
[SourceQuality "1"]
[WhiteTeam "Albania"]
[BlackTeam "Greece"]
[WhiteTeamCountry "ALB"]
[BlackTeamCountry "GRE"]

1. e4 c5 2. Nf3 Nc6 3. d4 cxd4 4. Nxd4 Nf6 5. Nc3 d6 6. Bg5 e6 7. Qd3 a6 8. Nxc6 bxc6 9. 0-0-0 Qc7 10. f4 Rb8 11. Be2 Qb6 12. b3 Bb7 13. Rhe1 Nd7 14. e5 d5 15. f5 Nc5 16. Qf3 exf5 17. Qxf5 Bc8 18. e6 Bxe6 19. Bh5 Kd7 20. Qf3 Bd6 21. Bxf7 Rhf8 22. Bxe6+ Nxe6 23. Qg4 Rbe8 24. Re2 Qb4 25. Qh3 h6 26. Bd2 Qd4 27. Bxh6 Qf6 28. Bd2 Rh8 29. Qf3 Qxf3 30. gxf3 Rxh2 31. Rxh2 Bxh2 32. Be3 Rf8 33. Rh1 Be5 34. Na4 Rxf3 35. Nc5+ Kd6 36. Nxe6 Rxe3 37. Nd8 Bc3 38. Rg1 Re7 39. Rf1 Bf6 40. Rh1 Rd7 41. Rh8 Rxd8 0-1

[Event "Balkan-chT U18 Gp A"]
[Site "Tefovo"]
[Date "2022.12.09"]
[Round "1.6"]
[White "Xheladini, Valton"]
[Black "Chatzieleftheriou, Andreas"]
[Result "0-1"]
[WhiteElo "1543"]
[BlackElo "2352"]
[PlyCount "134"]
[EventDate "2022.12.09"]
[EventType "team-tourn"]
[EventRounds "3"]
[EventCountry "MKD"]
[SourceTitle "EXT 2024"]
[Source "ChessBase"]
[SourceDate "2023.10.10"]
[SourceVersion "1"]
[SourceVersionDate "2023.10.10"]
[SourceQuality "1"]
[WhiteTeam "North Macedonia II"]
[BlackTeam "Greece"]
[WhiteTeamCountry "MKD"]
[BlackTeamCountry "GRE"]

1. e4 e6 2. d4 d5 3. e5 c5 4. c3 Bd7 5. Nf3 Qb6 6. Be2 Bb5 7. 0-0 Bxe2 8. Qxe2 Nc6 9. dxc5 Bxc5 10. b4 Be7 11. Na3 a6 12. Rb1 Qc7 13. Bd2 Nh6 14. c4 Rd8 15. Bxh6 gxh6 16. Nc2 dxc4 17. Qxc4 b5 18. Qe4 Qb6 19. a3 0-0 20. Ne3 Nd4 21. Ng4 Nf5 22. Qf4 Kg7 23. Rfe1 Rd3 24. Nf6 Rfd8 25. Qe4 Qa7 26. g4 Qa8 27. gxf5 Rxf3 28. fxe6 Qxe4 29. Rxe4 fxe6 30. Rc1 Bxf6 31. exf6+ Rxf6 32. Rc6 e5 33. Rc7+ Kg6 34. Rxe5 Rd1+ 35. Kg2 Rd2 36. Kg3 Rdxf2 37. Re3 h5 38. Rc8 h4+ 39. Kxh4 Rxh2+ 40. Kg3 Rh5 41. Rg8+ Kf7 42. Ree8 Rg5+ 43. Rxg5 Kxe8 44. Rg7 h6 45. Rh7 Kd8 46. Kg4 Kc8 47. Ra7 Kb8 48. Rh7 Ka8 49. Kh5 Rf3 50. Rh8+ Kb7 51. Rh7+ Kc8 52. Rh8+ Kd7 53. Rh7+ Ke6 54. Rxh6+ Kf5 55. Kh4 Rxa3 56. Rc6 Kf4 57. Kh5 Ke5 58. Kg5 Ra4 59. Rb6 Kd5 60. Kf5 Kc4 61. Ke4 Kxb4 62. Kd3 Ra2 63. Rf6 a5 64. Rf4+ Kb3 65. Rf1 b4 66. Rb1+ Rb2 67. Ra1 a4 0-1

[Event "Nikaia op 29th"]
[Site "Nikaia"]
[Date "2022.09.07"]
[Round "7"]
[White "Chatzieleftheriou, Andreas"]
[Black "Michelakos, Panagiotis"]
[Result "1-0"]
[WhiteElo "2131"]
[BlackElo "2281"]
[PlyCount "77"]
[EventDate "2022.09.01"]
[EventType "swiss"]
[EventRounds "9"]
[EventCountry "GRE"]
[SourceTitle "CBM 210 Extra"]
[Source "ChessBase"]
[SourceDate "2022.11.30"]
[SourceVersion "1"]
[SourceVersionDate "2022.11.30"]
[SourceQuality "1"]

1. c4 Nf6 2. Nc3 g6 3. e4 d6 4. d4 Bg7 5. h3 0-0 6. Be3 c5 7. Nf3 cxd4 8. Nxd4 b6 9. Qd2 Bb7 10. f3 Nbd7 11. Bh6 e5 12. Bxg7 exd4 13. Bxf6 Qxf6 14. Nb5 a6 15. Nxd4 b5 16. 0-0-0 Ne5 17. Nc2 bxc4 18. Qxd6 Qg5+ 19. Qd2 Qf6 20. Qe3 Rab8 21. Rd4 Rfd8 22. Be2 Rxd4 23. Nxd4 a5 24. Rd1 Ba6 25. Qc3 Rc8 26. Kb1 Qb6 27. Nc2 Nd3 28. Qd4 Qb8 29. Bxd3 cxd3 30. Ne3 Qc7 31. a4 Rb8 32. Rc1 Qb7 33. Nd5 d2 34. Qxd2 Bd3+ 35. Ka1 Qb3 36. Rc3 Qxa4+ 37. Ra3 Rxb2 38. Kxb2 Qd4+ 39. Rc3 1-0

[Event "GRE-chT 48th"]
[Site "Athens"]
[Date "2021.09.12"]
[Round "7.2"]
[White "Loutragotis, Paraskevas Pantelei"]
[Black "Chatzieleftheriou, Andreas"]
[Result "0-1"]
[WhiteElo "1894"]
[BlackElo "2122"]
[PlyCount "94"]
[EventDate "2021.09.07"]
[EventType "team-swiss"]
[EventRounds "7"]
[EventCountry "GRE"]
[SourceTitle "CBM 204 Extra"]
[Source "ChessBase"]
[SourceDate "2021.11.30"]
[SourceVersion "1"]
[SourceVersionDate "2021.11.30"]
[SourceQuality "1"]
[WhiteTeam "Zeenon Glyfathas"]
[BlackTeam "Nikaia Fysiolatris"]
[WhiteTeamCountry "GRE"]
[BlackTeamCountry "GRE"]

1. e4 c5 2. Nf3 Nc6 3. Bb5 g6 4. 0-0 Bg7 5. d3 e5 6. Be3 d6 7. c3 Nge7 8. a4 0-0 9. Qc1 Bg4 10. Nbd2 h6 11. h3 Be6 12. Bc4 Qd7 13. Nh2 f5 14. Bxe6+ Qxe6 15. f3 Kh7 16. Qb1 b6 17. c4 f4 18. Bf2 g5 19. Nb3 Rab8 20. Nc1 a6 21. Qc2 h5 22. Ne2 Nd4 23. Nxd4 exd4 24. Rfb1 Nc6 25. Kf1 Bf6 26. Ke2 Rg8 27. Kd2 Rg7 28. b3 Rgb7 29. Kc1 b5 30. axb5 axb5 31. Be1 Ne5 32. Qe2 Kg6 33. Kc2 bxc4 34. bxc4 Qxc4+ 35. dxc4 d3+ 36. Qxd3 Nxd3 37. Rxb7 Rxb7 38. Bc3 Nb4+ 39. Kd2 Nc6 40. Nf1 Rb3 41. Bxf6 Kxf6 42. Ra6 Nd4 43. Rxd6+ Ke7 44. Rd5 Rb2+ 45. Kd3 Rxg2 46. Nd2 Re2 47. Nf1 Re1 0-1

[Event "GRE-chT 48th"]
[Site "Athens"]
[Date "2021.09.10"]
[Round "5.2"]
[White "Brokalakis Gounaris, Christos"]
[Black "Chatzieleftheriou, Andreas"]
[Result "0-1"]
[WhiteElo "1978"]
[BlackElo "2122"]
[PlyCount "132"]
[EventDate "2021.09.07"]
[EventType "team-swiss"]
[EventRounds "7"]
[EventCountry "GRE"]
[SourceTitle "CBM 204 Extra"]
[Source "ChessBase"]
[SourceDate "2021.11.30"]
[SourceVersion "1"]
[SourceVersionDate "2021.11.30"]
[SourceQuality "1"]
[WhiteTeam "OFI"]
[BlackTeam "Nikaia Fysiolatris"]
[WhiteTeamCountry "GRE"]
[BlackTeamCountry "GRE"]

1. d4 d5 2. c4 e6 3. Nc3 Nf6 4. Nf3 dxc4 5. e3 a6 6. Bxc4 b5 7. Bd3 Bb7 8. a3 Nbd7 9. b4 Bd6 10. Qc2 Qe7 11. Bb2 0-0 12. 0-0 h6 13. Ne4 Nxe4 14. Bxe4 Bxe4 15. Qxe4 Nb6 16. Nd2 a5 17. bxa5 Rxa5 18. Qd3 Qd7 19. Qb3 Rfa8 20. Rfb1 Ra4 21. Ra2 Bf8 22. Raa1 c6 23. Rc1 R4a6 24. Ne4 Qd5 25. Qxd5 exd5 26. Nd2 Na4 27. Rc2 Nxb2 28. Rxb2 Rxa3 29. Rc1 Ra1 30. Rbc2 Rxc1+ 31. Rxc1 Ra6 32. g3 Bd6 33. e4 dxe4 34. Nxe4 Be7 35. Re1 f5 36. Nc5 Bxc5 37. dxc5 Kf7 38. Rd1 b4 39. Rd4 b3 40. Rb4 Ra1+ 41. Kg2 Rb1 42. Rb6 b2 43. h4 g5 44. hxg5 hxg5 45. Kh2 Ke7 46. Kg2 Kd7 47. Kh2 Kc7 48. Kg2 Rc1 49. Rxb2 Rxc5 50. Re2 Kd6 51. Re8 Re5 52. Rc8 g4 53. Rd8+ Kc5 54. Kf1 Kc4 55. f3 Re3 56. fxg4 fxg4 57. Kf2 Re4 58. Ra8 c5 59. Rc8 Kd4 60. Rc7 c4 61. Rd7+ Kc3 62. Rc7 Kc2 63. Rd7 c3 64. Rd6 Kb3 65. Rb6+ Rb4 66. Rc6 c2 0-1

[Event "GRE-chT 48th"]
[Site "Athens"]
[Date "2021.09.08"]
[Round "3.4"]
[White "Sidiropoulos, Vasilis"]
[Black "Chatzieleftheriou, Andreas"]
[Result "0-1"]
[WhiteElo "1888"]
[BlackElo "2122"]
[PlyCount "88"]
[EventDate "2021.09.07"]
[EventType "team-swiss"]
[EventRounds "7"]
[EventCountry "GRE"]
[SourceTitle "CBM 204 Extra"]
[Source "ChessBase"]
[SourceDate "2021.11.30"]
[SourceVersion "1"]
[SourceVersionDate "2021.11.30"]
[SourceQuality "1"]
[WhiteTeam "Panellinios GS"]
[BlackTeam "Nikaia Fysiolatris"]
[WhiteTeamCountry "GRE"]
[BlackTeamCountry "GRE"]

1. e4 c5 2. Nf3 Nc6 3. d4 cxd4 4. Nxd4 Nf6 5. Nc3 d6 6. Bg5 e6 7. Qd2 a6 8. 0-0-0 Bd7 9. f3 Be7 10. Kb1 b5 11. Nxc6 Bxc6 12. h4 0-0 13. Ne2 Qc7 14. Nd4 Bd7 15. g4 Rfc8 16. Rh2 b4 17. h5 a5 18. Be3 a4 19. g5 Ne8 20. g6 Bf6 21. Bg5 a3 22. gxh7+ Kh8 23. Bxf6 Nxf6 24. b3 Qc3 25. Qxc3 Rxc3 26. Bd3 Rc5 27. Rg1 Rxh5 28. Rhg2 g6 29. f4 Rxh7 30. f5 gxf5 31. exf5 e5 32. Nb5 e4 33. Bc4 Bxb5 34. Bxb5 Rc8 35. Ba6 Rc5 36. Rd2 d5 37. Rdg2 Rc7 38. Rg5 Rh2 39. R5g2 Rxg2 40. Rxg2 Rc3 41. Be2 Rh3 42. Kc1 e3 43. Rg1 Ne4 44. Bd3 Nc3 0-1

[Event "GRE-ch U20"]
[Site "Trikala"]
[Date "2020.08.19"]
[Round "4"]
[White "Chatzieleftheriou, Andreas"]
[Black "Brokalakis Gounaris, Christos"]
[Result "1/2-1/2"]
[WhiteElo "2181"]
[BlackElo "1988"]
[PlyCount "119"]
[EventDate "2020.08.17"]
[EventType "swiss"]
[EventRounds "9"]
[EventCountry "GRE"]
[SourceTitle "CBM 198 Extra"]
[Source "ChessBase"]
[SourceDate "2020.11.30"]
[SourceVersion "1"]
[SourceVersionDate "2020.11.30"]
[SourceQuality "1"]

1. c4 e6 2. Nf3 d5 3. e3 Nf6 4. b3 Be7 5. Bb2 0-0 6. Nc3 b6 7. cxd5 exd5 8. d4 Bb7 9. Bd3 Nbd7 10. 0-0 a6 11. Rc1 Bd6 12. Qe2 Re8 13. Rfd1 Qe7 14. Qf1 Ne4 15. Ne2 f5 16. Rc2 Rf8 17. Rdc1 c6 18. g3 g5 19. Qg2 Rac8 20. h4 h6 21. hxg5 hxg5 22. Bxe4 fxe4 23. Nh2 Qe6 24. Nc3 Rf6 25. Nxe4 Qxe4 26. Qxe4 dxe4 27. d5 c5 28. Bxf6 Nxf6 29. Rd1 Kf7 30. Nf1 Bxd5 31. Nd2 Ke6 32. Kg2 b5 33. Rh1 a5 34. Rh6 c4 35. bxc4 bxc4 36. Nb1 Be5 37. Nc3 Bxc3 38. Rxc3 Ke5 39. Rg6 Kf5 40. Rg7 Be6 41. Ra7 Rc5 42. Ra3 Ke5 43. R7xa5 Kd5 44. Kf1 Nd7 45. Ke1 Ne5 46. Rxc5+ Kxc5 47. Ra5+ Kd6 48. Kd2 Bd5 49. Kc3 Nc6 50. Rb5 Na7 51. Rb8 Nc6 52. Rh8 Kc5 53. a3 Na7 54. a4 Nc6 55. Rc8 Kb6 56. Rf8 Kc5 57. Rf5 g4 58. Rg5 Nb4 59. Rxg4 Bc6 60. Kd2 1/2-1/2

[Event "GRE-ch U20"]
[Site "Trikala"]
[Date "2020.08.18"]
[Round "3"]
[White "Stefanou, Dimitrios"]
[Black "Chatzieleftheriou, Andreas"]
[Result "1/2-1/2"]
[WhiteElo "2030"]
[BlackElo "2181"]
[PlyCount "61"]
[EventDate "2020.08.17"]
[EventType "swiss"]
[EventRounds "9"]
[EventCountry "GRE"]
[SourceTitle "CBM 198 Extra"]
[Source "ChessBase"]
[SourceDate "2020.11.30"]
[SourceVersion "1"]
[SourceVersionDate "2020.11.30"]
[SourceQuality "1"]

1. d4 Nf6 2. c4 e6 3. Nf3 c5 4. d5 b5 5. e4 Nxe4 6. Bd3 Nf6 7. Nc3 bxc4 8. Bxc4 Ba6 9. Bxa6 Nxa6 10. 0-0 Qb6 11. Ne5 Be7 12. Bg5 Qb7 13. Qf3 d6 14. Nxf7 0-0 15. dxe6 Qxf3 16. gxf3 Nc7 17. Rfe1 Nxe6 18. Rxe6 Rxf7 19. Rae1 Bf8 20. Bxf6 Rxf6 21. Rxf6 gxf6 22. Nd5 Kf7 23. Kf1 Rb8 24. b3 Rb5 25. Re3 Ra5 26. Re2 f5 27. Kg2 Bg7 28. Re7+ Kf8 29. Re2 Kf7 30. Re7+ Kf8 31. Re2 1/2-1/2

[Event "GRE-ch U20"]
[Site "Trikala"]
[Date "2020.08.17"]
[Round "1"]
[White "Karamichos, Michail"]
[Black "Chatzieleftheriou, Andreas"]
[Result "0-1"]
[WhiteElo "1686"]
[BlackElo "2181"]
[PlyCount "126"]
[EventDate "2020.08.17"]
[EventType "swiss"]
[EventRounds "9"]
[EventCountry "GRE"]
[SourceTitle "CBM 198 Extra"]
[Source "ChessBase"]
[SourceDate "2020.11.30"]
[SourceVersion "1"]
[SourceVersionDate "2020.11.30"]
[SourceQuality "1"]

1. Nf3 d5 2. g3 Nd7 3. d4 b5 4. Bg2 e6 5. 0-0 Ngf6 6. Nbd2 Bd6 7. a4 b4 8. c4 bxc3 9. bxc3 Ba6 10. Re1 0-0 11. e4 dxe4 12. Ng5 e3 13. fxe3 Rb8 14. Nge4 Be7 15. Nxf6+ Nxf6 16. e4 c5 17. Nf3 cxd4 18. cxd4 Bb7 19. Bf4 Rc8 20. Qd3 Bb4 21. Bd2 Bxd2 22. Nxd2 Qd7 23. Nb3 Rfd8 24. a5 Qe7 25. Rac1 Qb4 26. Red1 Rxc1 27. Rxc1 Bxe4 28. Bxe4 Nxe4 29. Qxe4 Qxb3 30. Rc7 Qd1+ 31. Kg2 Qd2+ 32. Kh3 Qxa5 33. Qb7 h6 34. Rc5 Qa4 35. Qe7 Qd7 36. Qxd7 Rxd7 37. Ra5 Rxd4 38. Rxa7 Rd2 39. Ra8+ Kh7 40. g4 Rd3+ 41. Kg2 g5 42. h3 Kg7 43. Re8 Re3 44. Rb8 f5 45. gxf5 exf5 46. Rb6 f4 47. Rd6 Rg3+ 48. Kh2 h5 49. Rc6 Re3 50. Kg2 Re2+ 51. Kf3 Rh2 52. Ke4 Rxh3 53. Kf5 Rg3 54. Rg6+ Kf7 55. Rh6 h4 56. Rh7+ Ke8 57. Ke6 Kd8 58. Kd6 Kc8 59. Rg7 h3 60. Ke5 f3 61. Kd6 f2 62. Rg8+ Kb7 63. Rg7+ Kb6 0-1

[Event "Aegean op 43rd"]
[Site "Aghios Kirykos"]
[Date "2020.07.12"]
[Round "3"]
[White "Banikas, Hristos"]
[Black "Chatzieleftheriou, Andreas"]
[Result "1-0"]
[WhiteElo "2599"]
[BlackElo "2155"]
[PlyCount "43"]
[EventDate "2020.07.10"]
[EventType "swiss"]
[EventRounds "7"]
[EventCountry "GRE"]
[SourceTitle "EXT 2021"]
[Source "ChessBase"]
[SourceDate "2020.10.23"]
[SourceVersion "1"]
[SourceVersionDate "2020.10.23"]
[SourceQuality "1"]

1. d4 Nf6 2. Nf3 e6 3. g3 d5 4. Bg2 c5 5. 0-0 Nc6 6. c4 cxd4 7. cxd5 exd5 8. Nxd4 Bc5 9. Nxc6 bxc6 10. Qc2 Qb6 11. Nc3 Bd4 12. Na4 Qb5 13. Bf4 0-0 14. e3 Bb6 15. Rfc1 Bf5 16. Qxf5 Qxa4 17. b3 Qa6 18. Rxc6 Rfe8 19. Rxf6 gxf6 20. Bh6 Qc8 21. Qxf6 Qg4 22. Bxd5 1-0

[Event "Rilton Cup 49th"]
[Site "Stockholm"]
[Date "2020.01.02"]
[Round "6"]
[White "Chatzieleftheriou, Andreas"]
[Black "Pavlovic, Milos"]
[Result "0-1"]
[WhiteElo "2242"]
[BlackElo "2480"]
[PlyCount "100"]
[EventDate "2019.12.27"]
[EventType "swiss"]
[EventRounds "9"]
[EventCountry "SWE"]
[SourceTitle "CBM 194 Extra"]
[Source "ChessBase"]
[SourceDate "2020.03.31"]
[SourceVersion "1"]
[SourceVersionDate "2020.03.31"]
[SourceQuality "1"]

1. c4 e6 2. Nc3 b6 3. Nf3 Bb7 4. e3 Bb4 5. b3 Bxc3 6. dxc3 d6 7. c5 bxc5 8. c4 Qf6 9. Bd2 Nd7 10. Rc1 Qe7 11. Bc3 f5 12. g3 Ngf6 13. Bg2 0-0 14. 0-0 a5 15. Qc2 Be4 16. Qe2 Qe8 17. Nd2 Bxg2 18. Kxg2 Qg6 19. f4 e5 20. fxe5 Nxe5 21. Bxe5 dxe5 22. Nf3 Qh5 23. Rce1 e4 24. Nd2 Qg6 25. Nb1 Rad8 26. Rd1 Qg4 27. Qe1 Rxd1 28. Qxd1 Qg5 29. Qe2 Rd8 30. Re1 Rd3 31. Nd2 h5 32. Nf1 h4 33. Rd1 h3+ 34. Kf2 Ng4+ 35. Ke1 Ne5 36. Rxd3 exd3 37. Qf2 Qg4 38. Nd2 g5 39. Qf1 Kg7 40. a4 Kg6 41. Qf2 Kf6 42. Qf1 Ke6 43. Qf2 Qh5 44. e4 f4 45. gxf4 gxf4 46. Qf1 Qg4 47. Qf2 Kf6 48. Kf1 Kg5 49. Qg1 Qxg1+ 50. Kxg1 f3 0-1

[Event "GRE-chT U16"]
[Site "Thessaloniki"]
[Date "2019.11.29"]
[Round "3.1"]
[White "Chatzieleftheriou, Andreas"]
[Black "Tsarsitalidis, Konstantinos"]
[Result "1-0"]
[WhiteElo "2258"]
[BlackElo "2052"]
[PlyCount "113"]
[EventDate "2019.11.28"]
[EventType "team-swiss"]
[EventRounds "6"]
[EventCountry "GRE"]
[SourceTitle "CBM 193 Extra"]
[Source "ChessBase"]
[SourceDate "2020.01.31"]
[SourceVersion "1"]
[SourceVersionDate "2020.01.31"]
[SourceQuality "1"]
[WhiteTeam "Nikaia Fysiolatris"]
[BlackTeam "Thessaloniki ES"]
[WhiteTeamCountry "GRE"]
[BlackTeamCountry "GRE"]

1. e4 c5 2. Nf3 d6 3. Bb5+ Nd7 4. a4 Ngf6 5. Nc3 a6 6. Be2 b6 7. d4 cxd4 8. Qxd4 Bb7 9. 0-0 e5 10. Qe3 Rc8 11. Nd2 Be7 12. Rd1 Nc5 13. Nc4 Qc7 14. a5 b5 15. Nb6 Rd8 16. Ncd5 Bxd5 17. Nxd5 Nxd5 18. Rxd5 Ne6 19. Qc3 Rc8 20. Qxc7 Rxc7 21. c4 bxc4 22. Ra4 Kd7 23. Rxc4 Rxc4 24. Bxc4 Rc8 25. b3 Rc6 26. Ba3 Bd8 27. Kf1 f6 28. Bb4 Nd4 29. Bd2 Bc7 30. Ke1 Kc8 31. Kd1 Kb8 32. Bb4 Kc8 33. f3 Bb8 34. Kd2 Kc7 35. Kc3 Ba7 36. Kb2 h6 37. Bc3 Kd7 38. Bf1 Ne6 39. b4 Nc7 40. Rd2 Be3 41. Rd1 Ba7 42. Kb3 Ke7 43. Bc4 Ne6 44. Bxe6 Kxe6 45. Rd5 Rc7 46. b5 axb5 47. Rxb5 Bc5 48. Bb4 Bg1 49. h3 Kd7 50. Rb8 Ba7 51. Rg8 Kc6 52. Kc4 Kb7+ 53. Kb5 Bc5 54. a6+ Ka7 55. Ba5 Rf7 56. Rc8 g6 57. Bc7 1-0

[Event "World ol U16"]
[Site "Corum"]
[Date "2019.11.03"]
[Round "7.1"]
[White "Manafov, Vugar Gulam"]
[Black "Chatzieleftheriou, Andreas"]
[Result "1-0"]
[WhiteElo "2357"]
[BlackElo "2258"]
[PlyCount "95"]
[EventDate "2019.10.29"]
[EventType "team-swiss"]
[EventRounds "9"]
[EventCountry "TUR"]
[SourceTitle "CBM 192 Extra"]
[Source "Chessbase"]
[SourceDate "2019.11.06"]
[SourceVersion "1"]
[SourceVersionDate "2019.11.06"]
[SourceQuality "1"]
[WhiteTeam "Azerbaijan"]
[BlackTeam "Greece"]
[WhiteTeamCountry "AZE"]
[BlackTeamCountry "GRE"]

1. d4 Nf6 2. Nf3 e6 3. Bf4 d5 4. e3 c5 5. c3 Nc6 6. Nbd2 Bd6 7. Bg3 0-0 8. Bb5 Ne7 9. Bd3 Nf5 10. Bxf5 exf5 11. Bxd6 Qxd6 12. dxc5 Qxc5 13. 0-0 Bd7 14. Nb3 Qc7 15. Qd4 Rfe8 16. Rfd1 Re4 17. Qc5 Qb8 18. Rd4 b6 19. Qa3 f4 20. exf4 Qxf4 21. Nbd2 Rxd4 22. cxd4 Bg4 23. g3 Qc7 24. Ne5 Qc2 25. Nf1 Bh3 26. Ne3 Qe2 27. Nd3 Re8 28. Nf4 Rxe3 29. Nxe2 Rxa3 30. bxa3 g5 31. Rc1 Ne8 32. a4 Bd7 33. a5 Kf8 34. axb6 axb6 35. Nc3 Nc7 36. a4 Ne6 37. Rb1 Nxd4 38. Rxb6 Nf3+ 39. Kg2 d4 40. Nb5 g4 41. a5 Bf5 42. a6 Be4 43. a7 Nd2+ 44. Kg1 Nf3+ 45. Kf1 Bd3+ 46. Kg2 Ne1+ 47. Kg1 Nf3+ 48. Kh1 1-0

[Event "World ol U16"]
[Site "Corum"]
[Date "2019.10.31"]
[Round "4.11"]
[White "Shubin, Kirill"]
[Black "Chatzieleftheriou, Andreas"]
[Result "1-0"]
[WhiteElo "2416"]
[BlackElo "2258"]
[PlyCount "76"]
[EventDate "2019.10.29"]
[EventType "team-swiss"]
[EventRounds "9"]
[EventCountry "TUR"]
[SourceTitle "CBM 192 Extra"]
[Source "Chessbase"]
[SourceDate "2019.11.06"]
[SourceVersion "1"]
[SourceVersionDate "2019.11.06"]
[SourceQuality "1"]
[WhiteTeam "Russia"]
[BlackTeam "Greece"]
[WhiteTeamCountry "RUS"]
[BlackTeamCountry "GRE"]

1. e4 e6 2. d4 d5 3. Nc3 Bb4 4. e5 c5 5. a3 Bxc3+ 6. bxc3 Nc6 7. Qg4 g6 8. Nf3 Qa5 9. Bd2 c4 10. Be2 Nge7 11. Qf4 h6 12. h4 Bd7 13. 0-0 0-0-0 14. a4 Rdf8 15. Rfb1 Nf5 16. Be1 Kb8 17. Rb5 Qc7 18. Rab1 Ka8 19. g4 Ng7 20. Bd2 Na5 21. R5b4 h5 22. Bc1 hxg4 23. Qxg4 Nf5 24. Bg5 b6 25. Bf6 Rh7 26. Qg5 Nc6 27. R4b2 Rh5 28. Qf4 Qc8 29. Kg2 Qe8 30. Rh1 Na5 31. Nh2 Nxh4+ 32. Kf1 g5 33. Qg4 Rhh8 34. Bxh8 Rxh8 35. Qxg5 Ng6 36. Bh5 Bxa4 37. Ng4 Qf8 38. Ra2 Bb3 1-0

[Event "World ol U16"]
[Site "Corum"]
[Date "2019.10.30"]
[Round "2.12"]
[White "Lee, Care Greene"]
[Black "Chatzieleftheriou, Andreas"]
[Result "1/2-1/2"]
[WhiteElo "1950"]
[BlackElo "2258"]
[PlyCount "112"]
[EventDate "2019.10.29"]
[EventType "team-swiss"]
[EventRounds "9"]
[EventCountry "TUR"]
[SourceTitle "CBM 192 Extra"]
[Source "Chessbase"]
[SourceDate "2019.11.06"]
[SourceVersion "1"]
[SourceVersionDate "2019.11.06"]
[SourceQuality "1"]
[WhiteTeam "Malaysia"]
[BlackTeam "Greece"]
[WhiteTeamCountry "MAS"]
[BlackTeamCountry "GRE"]

1. e4 e6 2. d4 d5 3. Nc3 Bb4 4. e5 c5 5. a3 Bxc3+ 6. bxc3 Qa5 7. Bd2 Qa4 8. Qg4 Kf8 9. Qd1 Ne7 10. Nf3 b6 11. dxc5 bxc5 12. Rb1 Ba6 13. Bd3 Nd7 14. 0-0 Nc6 15. Bxa6 Qxa6 16. Be3 Ke7 17. Qd3 Qxd3 18. cxd3 Rhb8 19. a4 a6 20. h4 h6 21. Kh2 Kd8 22. Bf4 Rxb1 23. Rxb1 Rb8 24. Rxb8+ Ncxb8 25. Nd2 Nb6 26. a5 Na4 27. Nb3 Nd7 28. c4 Nb2 29. cxd5 exd5 30. Nc1 Ke7 31. Bd2 Nxe5 32. Bc3 Nbxd3 33. Nxd3 Nxd3 34. Bxg7 Nxf2 35. Kg3 Ne4+ 36. Kf4 f6 37. Bxh6 Nd6 38. g4 c4 39. g5 fxg5+ 40. hxg5 d4 41. g6 d3 42. Bg5+ Ke6 43. Ke3 Kd5 44. Bf6 Nf5+ 45. Kd2 Ng3 46. Bc3 Ke6 47. g7 Kf7 48. Ke3 Ne2 49. Be5 Nc1 50. Bc3 Nb3 51. Kf2 Nc5 52. Ke3 Nb3 53. Kf2 Nc1 54. Ke3 Ne2 55. Be5 Nc1 56. Bc3 Nb3 1/2-1/2